Países mais próximos de Vienna - 30 segundo sprint - Statistics

Estatísticas Gerais
  • Esse quiz foi jogado 82 vezes
  • A pontuação média é 8 de 20
Estatísticas das Respostas
km país % Correto
194 Alemanha
92%
464 Suíça
69%
38 Eslováquia
65%
275 Itália
65%
52 Hungria
62%
58 Chéquia
58%
184 Croácia
54%
149 Eslovénia
54%
605 França
46%
212 Polônia
46%
318 Sérvia
35%
329 Bósnia e Herzegovina
31%
519 Liechtenstein
23%
375 Romênia
19%
647 Kosovo
15%
556 Montenegro
12%
657 Bulgária
8%
427 Ucrânia
8%
556 San Marino
4%
636 Bielorrússia
0%
Nenhum quiz correspondente encontrado
Distribuição das Pontuações
Porcentagem de Pessoas com Cada Pontuação
Percentil de Números Respondidos
Sua Pontuação Histórica
Você não jogou esse quiz